[Event "Sydney International Open"]
[Site "Parramatta, NSW"]
[Date "2009.04.17"]
[Round "5.18"]
[White "Stojic, Dusan"]
[Black "Chow, Samuel"]
[Result "0-1"]
[WhiteElo "2229"]
[BlackElo "2299"]
[PlyCount "50"]
[EventDate "2009.04.15"]
[EventType "swiss"]
[EventRounds "9"]
[EventCountry "AUS"]
[SourceDate "2009.04.15"]

1. e4 e6 2. d4 d5 3. e5 c5 4. c3 Nc6 5. Nf3 Bd7 6. a3 f6 7. Bd3 Qc7 8. O-O
O-O-O 9. Re1 Nge7 10. exf6 gxf6 11. dxc5 e5 12. Be2 Be6 13. b4 d4 14. Qc2 f5
15. Bb2 Rg8 16. cxd4 e4 17. Nfd2 Nd5 18. Bf1 Bg7 19. Nb3 Nf4 20. N1d2 Nh3+ 21.
gxh3 Bxd4+ 22. Bg2 Qg7 23. Kf1 Qxg2+ 24. Ke2 Qxf2+ 25. Kd1 Bxb2 0-1

[Event "Sydney International Open"]
[Site "Parramatta, NSW"]
[Date "2009.04.17"]
[Round "5.19"]
[White "Steadman, Michael"]
[Black "Morris, James"]
[Result "0-1"]
[WhiteElo "2262"]
[BlackElo "2114"]
[PlyCount "112"]
[EventDate "2009.04.15"]
[EventType "swiss"]
[EventRounds "9"]
[EventCountry "AUS"]
[SourceDate "2009.04.15"]

1. d4 c5 2. d5 Nf6 3. c4 e6 4. Nc3 exd5 5. cxd5 g6 6. e4 d6 7. Bd3 Bg7 8. Nge2
Na6 9. O-O O-O 10. h3 Nc7 11. Ng3 Re8 12. Bg5 Rb8 13. a4 b6 14. Qd2 a6 15. Rab1
b5 16. axb5 Nxb5 17. Bxb5 axb5 18. b4 c4 19. Ra1 Bd7 20. Qf4 Re5 21. Ra7 Be8
22. Rfa1 Nxd5 23. Qxe5 Bxe5 24. Bxd8 Nxc3 25. Be7 Bc6 26. R1a6 Rc8 27. Bd8 Bxe4
28. Nxe4 Nxe4 29. Ra8 Rxa8 30. Rxa8 Kg7 31. Rb8 h6 32. Rxb5 c3 33. Bb6 Bf4 34.
Bd4+ Kf8 35. Rb8+ Ke7 36. f3 c2 37. Bb2 Nc3 38. Rc8 Ne2+ 39. Kf2 c1=Q 40. Bxc1
Nxc1 41. Rc3 d5 42. g3 Bxg3+ 43. Kf1 Bf4 44. b5 d4 45. Rc4 Be3 46. Ke1 Nd3+ 47.
Kf1 Nb2 48. Rb4 Nd3 49. Rc4 Ne5 50. Rb4 Kd7 51. f4 Nd3 52. Rc4 Nxf4 53. b6 d3
54. Rc7+ Kd6 55. Ke1 d2+ 56. Kd1 Nd3 0-1

[Event "Sydney International Open"]
[Site "Parramatta, NSW"]
[Date "2009.04.17"]
[Round "5.21"]
[White "Minor, Samuel"]
[Black "Bennett, Hilton"]
[Result "1-0"]
[WhiteElo "2216"]
[BlackElo "2028"]
[PlyCount "49"]
[EventDate "2009.04.15"]
[EventType "swiss"]
[EventRounds "9"]
[EventCountry "AUS"]
[SourceDate "2009.04.15"]

1. e4 d5 2. exd5 Nf6 3. Nf3 Nxd5 4. d4 g6 5. c4 Nb6 6. h3 Bg7 7. Nc3 O-O 8. Bg5
h6 9. Bh4 Nc6 10. c5 Nd5 11. Qd2 Be6 12. Be2 Qd7 13. O-O a6 14. Rfe1 Rae8 15.
Bc4 Kh7 16. a3 Na5 17. Bxd5 Bxd5 18. Nxd5 Nb3 19. Qc3 Nxa1 20. Nb4 Qf5 21. Rxa1
e5 22. dxe5 Bxe5 23. Nxe5 Rxe5 24. Qd3 Rxc5 25. Be7 1-0

[Event "Sydney International Open"]
[Site "Parramatta, NSW"]
[Date "2009.04.17"]
[Round "5.22"]
[White "Cunanan, Kimberly Jane"]
[Black "Pon, N Krithikha"]
[Result "1-0"]
[WhiteElo "1991"]
[BlackElo "2180"]
[PlyCount "119"]
[EventDate "2009.04.15"]
[EventType "swiss"]
[EventRounds "9"]
[EventCountry "AUS"]
[SourceDate "2009.04.15"]

1. c4 e5 2. g3 f5 3. Bg2 Nf6 4. Nc3 d6 5. e3 Be7 6. Nge2 O-O 7. d4 c6 8. b3 Be6
9. Ba3 e4 10. h4 Bf7 11. Nf4 d5 12. Bxe7 Qxe7 13. cxd5 cxd5 14. Qd2 Nbd7 15.
Bh3 g6 16. Rc1 Rfc8 17. O-O Rc6 18. Na4 h6 19. Bg2 Kg7 20. Rxc6 bxc6 21. Rc1 g5
22. hxg5 hxg5 23. Nh3 Kg6 24. Rxc6 Rh8 25. b4 Be6 26. Nc5 Nxc5 27. dxc5 Qd7 28.
Rd6 Qe7 29. Qd4 Rh5 30. Qe5 Kf7 31. Rc6 Nd7 32. Qd6 Qf6 33. Rc7 Kg6 34. Rxd7
Bxd7 35. Qxd7 Rh7 36. Qxd5 Rh8 37. g4 fxg4 38. Qxe4+ Kh5 39. Qd4 Qxd4 40. exd4
gxh3 41. Bxh3 Rd8 42. Bg2 Rxd4 43. b5 Rb4 44. Bf1 Rb1 45. Kg2 Rc1 46. c6 Kh4
47. Bd3 Rc3 48. Bf5 Rc5 49. Bd7 g4 50. a4 Rc2 51. Kf1 g3 52. fxg3+ Kxg3 53. a5
Kf3 54. Ke1 Ke3 55. Kd1 Rc5 56. b6 Rxa5 57. b7 Kd3 58. Ke1 Ke3 59. Kf1 Kf3 60.
Bg4+ 1-0

[Event "Sydney International Open"]
[Site "Parramatta, NSW"]
[Date "2009.04.17"]
[Round "5.23"]
[White "Charles, Gareth"]
[Black "Stojic, Svetozar"]
[Result "1-0"]
[WhiteElo "2160"]
[BlackElo "1989"]
[PlyCount "59"]
[EventDate "2009.04.15"]
[EventType "swiss"]
[EventRounds "9"]
[EventCountry "AUS"]
[SourceDate "2009.04.15"]

1. d4 Nf6 2. c4 g6 3. Nc3 Bg7 4. Nf3 O-O 5. Bf4 d6 6. h3 c5 7. d5 Na6 8. e3 Nc7
9. Be2 Rb8 10. a4 Bd7 11. O-O b6 12. e4 a6 13. e5 Nfe8 14. Ne4 Bf5 15. Ng3 Bc8
16. Qd2 b5 17. axb5 axb5 18. Bh6 bxc4 19. Bxc4 e6 20. Bxg7 Kxg7 21. dxe6 Nxe6
22. Rfd1 Bb7 23. Bxe6 fxe6 24. Ng5 Bd5 25. Ra7+ Kg8 26. Nxh7 Rf7 27. Rxf7 Kxf7
28. Qh6 Ng7 29. Ng5+ Kg8 30. Qh7+ 1-0

[Event "Sydney International Open"]
[Site "Parramatta, NSW"]
[Date "2009.04.17"]
[Round "5.24"]
[White "McNamara, Gary"]
[Black "Milligan, Helen"]
[Result "1/2-1/2"]
[WhiteElo "2114"]
[BlackElo "1985"]
[PlyCount "81"]
[EventDate "2009.04.15"]
[EventType "swiss"]
[EventRounds "9"]
[EventCountry "AUS"]
[SourceDate "2009.04.15"]

1. e4 e5 2. Nf3 Nc6 3. Bb5 a6 4. Ba4 Nf6 5. Qe2 Bd6 6. c3 b5 7. Bc2 O-O 8. O-O
Re8 9. a4 b4 10. d4 h6 11. dxe5 Nxe5 12. Nxe5 Bxe5 13. f4 Bd6 14. e5 Bc5+ 15.
Kh1 d5 16. Qf3 Ne4 17. Nd2 f5 18. cxb4 Bxb4 19. Nxe4 fxe4 20. Qb3 a5 21. Bxe4
c6 22. Bg6 Re7 23. Qg3 Ba6 24. Be3 d4 25. Rfd1 c5 26. Bg1 Qc7 27. Rac1 Qa7 28.
Be4 Bb7 29. Bb1 Bd5 30. f5 Qb7 31. e6 Rf8 32. h4 Be4 33. Rf1 Rf6 34. Bxe4 Qxe4
35. Qh3 Re8 36. Rf3 Rd8 37. Rcf1 c4 38. Rf4 Qe2 39. R4f2 Qe4 40. Rf4 Qe2 41.
R4f2 1/2-1/2

[Event "Sydney International Open"]
[Site "Parramatta, NSW"]
[Date "2009.04.17"]
[Round "5.25"]
[White "Davis, Tony"]
[Black "Cheng, Bobby Sky"]
[Result "0-1"]
[WhiteElo "1983"]
[BlackElo "2103"]
[PlyCount "88"]
[EventDate "2009.04.15"]
[EventType "swiss"]
[EventRounds "9"]
[EventCountry "AUS"]
[SourceDate "2009.04.15"]

1. d4 d5 2. Nc3 Nf6 3. Bg5 Nbd7 4. e3 e6 5. a3 h6 6. Bf4 a6 7. Nf3 b6 8. Bd3
Bb7 9. O-O c5 10. Re1 Be7 11. Ne5 O-O 12. Qf3 Rc8 13. Qh3 c4 14. Bf1 b5 15. f3
Qb6 16. g4 Nxe5 17. Bxe5 Nd7 18. Bg3 a5 19. Nd1 b4 20. c3 Bd6 21. f4 f5 22. Re2
Rf7 23. Be1 Bc6 24. Rg2 Kh7 25. g5 Nf8 26. Be2 Rb7 27. gxh6 g6 28. Kh1 Qc7 29.
Bd2 bxa3 30. bxa3 Rcb8 31. Rg1 Rb1 32. Ra2 Ba4 33. Bh5 gxh5 34. Rg7+ Kxh6 35.
Rxc7 Bxd1 36. Be1 Bxc7 37. Qg3 Bd8 38. Rg2 Bf6 39. Rg1 Bc2 40. h4 R8b2 41. Kh2
Bd1+ 42. Rg2 Bg4 43. Rxb2 Rxb2+ 44. Bf2 Ng6 0-1

[Event "Sydney International Open"]
[Site "Parramatta, NSW"]
[Date "2009.04.17"]
[Round "5.26"]
[White "Watson, James"]
[Black "Zulfic, Fedja"]
[Result "1/2-1/2"]
[WhiteElo "2101"]
[BlackElo "1971"]
[PlyCount "83"]
[EventDate "2009.04.15"]
[EventType "swiss"]
[EventRounds "9"]
[EventCountry "AUS"]
[SourceDate "2009.04.15"]

1. e4 d5 2. exd5 Nf6 3. d4 Bg4 4. Bb5+ Nbd7 5. f3 Bf5 6. Nc3 a6 7. Ba4 b5 8.
Bb3 Nb6 9. Nge2 Nbxd5 10. Nxd5 Nxd5 11. Ng3 Bc8 12. O-O e6 13. a4 Bb7 14. c3
Be7 15. Qd3 c6 16. Bd2 O-O 17. Bc2 Nf6 18. a5 Qd5 19. Ne4 g6 20. Bg5 Qd8 21.
Nxf6+ Bxf6 22. Bxf6 Qxf6 23. f4 Rfd8 24. b4 Rac8 25. Qe3 Rd5 26. Bb3 Rd7 27.
Rad1 Qd8 28. Qh3 h5 29. g4 hxg4 30. Qxg4 Qf6 31. Qg5 Kg7 32. Qxf6+ Kxf6 {
Black offered a draw.} 33. Kf2 Rh8 34. Kg3 Rdd8 35. Rd2 Rh6 36. h4 Rdh8 37. Rh2
Rg8 38. Re1 Rgh8 39. Re5 Rg8 40. Bd1 Ke7 41. Bg4 Kd6 42. Rhe2 1/2-1/2

[Event "Sydney International Open"]
[Site "Parramatta, NSW"]
[Date "2009.04.17"]
[Round "5.27"]
[White "Forster, Bill"]
[Black "Stead, Kerry"]
[Result "0-1"]
[WhiteElo "1963"]
[BlackElo "2087"]
[Annotator "Hip-HopBandit"]
[PlyCount "78"]
[EventDate "2009.04.15"]
[EventType "swiss"]
[EventRounds "9"]
[EventCountry "AUS"]
[SourceDate "2009.04.15"]

1. d4 Nf6 2. c4 c5 3. d5 b5 4. a4 b4 5. g3 d6 6. Bg2 g6 7. b3 Bg7 8. Ra2 O-O 9.
e4 Nbd7 10. f4 Ne8 11. Nf3 Rb8 12. Re2 Qc7 13. O-O e5 14. dxe6 fxe6 15. Ng5 Nb6
16. Bh3 Qe7 17. g4 Bh6 18. e5 Bxg5 19. fxg5 Rxf1+ 20. Bxf1 a5 (20... Bb7) 21.
exd6 Qd7 (21... Nxd6 22. Bf4) 22. Bg2 Bb7 23. Bxb7 Rxb7 24. Qe1 Ng7 25. Nd2
Qxd6 26. Ne4 Qd4+ 27. Kg2 Nxc4 28. bxc4 Qxc4 29. Nf6+ Kf7 30. Qf1 Ke7 31. Ng8+
Ke8 32. Nf6+ Ke7 33. Qf3 Kd8 34. Rd2+ Kc8 35. Qd1 Kb8 36. Rd8+ Ka7 37. Rd7 Qa6
38. Be3 Qc6+ 39. Rd5 $4 {
Unfortunately for White, he touched his rook, intending to play 39.Rxb7+.} exd5
0-1

[Event "Sydney International Open"]
[Site "Parramatta, NSW"]
[Date "2009.04.17"]
[Round "5.28"]
[White "Anton, Sarah"]
[Black "Dizdarevich, Mehmedalija"]
[Result "0-1"]
[WhiteElo "1718"]
[BlackElo "2081"]
[PlyCount "144"]
[EventDate "2009.04.15"]
[EventType "swiss"]
[EventRounds "9"]
[EventCountry "AUS"]
[SourceDate "2009.04.15"]

1. e4 e6 2. d4 b6 3. Nf3 Bb7 4. Bd3 Nf6 5. Qe2 d5 6. e5 Nfd7 7. Bg5 Be7 8. Bxe7
Qxe7 9. O-O c5 10. c3 Nc6 11. Nbd2 O-O-O 12. Ba6 g5 13. Bxb7+ Kxb7 14. dxc5
Nxc5 15. b4 Nd7 16. b5 Ncb8 17. c4 Nc5 18. cxd5 exd5 19. Nd4 Rhe8 20. Rfe1 Qd7
21. N2b3 Re7 22. Rec1 Rc8 23. a4 Nxb3 24. Nxb3 Qe6 25. Rxc8 Qxc8 26. Rc1 Qe8
27. Re1 Nd7 28. Qc2 Nxe5 29. Nd4 Nc4 30. Rxe7+ Qxe7 31. g3 Qe1+ 32. Kg2 Qe4+
33. Qxe4 dxe4 34. Ne2 a6 35. g4 axb5 36. axb5 Kc7 37. Nc3 Nd6 38. Nd5+ Kd7 39.
Nxb6+ Ke6 40. Na4 Nxb5 41. Nc5+ Ke5 42. Nd7+ Kf4 43. h3 f5 44. Nf6 fxg4 45.
hxg4 h6 46. Ng8 Kxg4 47. Nxh6+ Kf4 48. Ng8 Nd6 49. Nf6 g4 50. Nd5+ Kg5 51. Nc3
Kh4 52. Nd1 Kh5 53. Nc3 Kg5 54. Nd1 Ne8 55. Ne3 Nf6 56. Kg3 Nh5+ 57. Kg2 Nf4+
58. Kg3 Ne2+ 59. Kg2 Nd4 60. Nd5 Nf5 61. Nc3 Kf4 62. Ne2+ Ke5 63. Kf1 Nh4 64.
Nc1 Nf5 65. Kg2 Nd4 66. Kg1 Kf5 67. Kf1 Kg5 68. Kg1 Kf5 69. Kf1 Ke5 70. Kg1 Ne6
71. Kg2 Nf4+ 72. Kg3 Kf5 {Rest of scoresheet is unreadable, but Black won in a
king and pawn ending after trading the knights.} 0-1

[Event "Sydney International Open"]
[Site "Parramatta, NSW"]
[Date "2009.04.17"]
[Round "5.29"]
[White "Nakauchi, Gene"]
[Black "Abbott, Peter"]
[Result "1-0"]
[WhiteElo "2076"]
[BlackElo "1893"]
[PlyCount "87"]
[EventDate "2009.04.15"]
[EventType "swiss"]
[EventRounds "9"]
[EventCountry "AUS"]
[SourceDate "2009.04.15"]

1. d4 Nf6 2. c4 e5 3. dxe5 Ng4 4. Bf4 Nc6 5. Nf3 Bb4+ 6. Nbd2 Qe7 7. e3 Ngxe5
8. Nxe5 Nxe5 9. Be2 d6 10. O-O a5 11. Nb3 a4 12. a3 Bc3 13. bxc3 axb3 14. Qxb3
b6 15. c5 bxc5 16. Bxe5 dxe5 17. Bb5+ Bd7 18. Bxd7+ Qxd7 19. Rfd1 Qc6 20. Qd5
Qxd5 21. Rxd5 f6 22. Rxc5 Kd7 23. f4 exf4 24. exf4 Ra4 25. g3 Kd6 26. Rb5 Rha8
27. Rb3 Kc5 28. Kf2 R8a7 29. Ke3 Kc4 30. Rb4+ Rxb4 31. cxb4 Kb3 32. Kd4 Ra6 33.
Kc5 Kb2 34. Re1 Rxa3 35. Re2+ Kc1 36. Re7 Rc3+ 37. Kd4 Kb2 38. Rxg7 Kb3 39. b5
Kb4 40. Rxh7 Rc4+ 41. Kd5 Kxb5 42. Ke6 Rc6+ 43. Kf5 Ra6 44. Rxc7 1-0

[Event "Sydney International Open"]
[Site "Parramatta, NSW"]
[Date "2009.04.17"]
[Round "5.30"]
[White "Ousmand, Nizami"]
[Black "Safarian, Alek"]
[Result "0-1"]
[WhiteElo "1575"]
[BlackElo "2061"]
[PlyCount "128"]
[EventDate "2009.04.15"]
[EventType "swiss"]
[EventRounds "9"]
[EventCountry "AUS"]
[SourceDate "2009.04.15"]

1. d4 d5 2. Nf3 g6 3. e3 Bg7 4. Bd3 c5 5. c3 Nc6 6. O-O Nf6 7. Nbd2 O-O 8. h3
b6 9. Ne5 Nxe5 10. dxe5 Ne8 11. f4 f6 12. exf6 Nxf6 13. Nf3 Bf5 14. Ng5 Qd6 15.
Qc2 Bxd3 16. Qxd3 h6 17. Nf3 Ne4 18. Rd1 Rad8 19. c4 e6 20. Nd2 Ng3 21. Nf1 Nf5
22. cxd5 exd5 23. Qc2 Rfe8 24. Rb1 Qe7 25. b3 d4 26. Re1 dxe3 27. Bb2 e2 28.
Qc4+ Kh7 29. Kh2 exf1=N+ 30. Qxf1 Qh4 31. Bxg7 Kxg7 32. Rxe8 Rxe8 33. Qf3 Qe7
34. g4 Nd4 35. Qd3 Qe2+ 36. Qxe2 Rxe2+ 37. Kg3 a5 38. h4 Kf7 39. h5 gxh5 40.
gxh5 Kf6 41. Kg4 Re3 42. f5 Nxf5 43. Rf1 Rg3+ 44. Kf4 Rg5 45. a3 Rxh5 46. b4
axb4 47. axb4 cxb4 48. Rb1 Rh4+ 49. Kf3 Ke5 50. Rd1 Rh3+ 51. Kf2 Ke4 52. Rb1 b3
53. Kg2 Re3 54. Kf2 Kd4 55. Rc1 b2 56. Rf1 Kc3 57. Kg2 Re5 58. Rf3+ Ne3+ 59.
Kh2 b1=Q 60. Rh3 Qc2+ 61. Kg3 Qg2+ 62. Kf4 Rf5+ 63. Kxe3 Qxh3+ 64. Ke2 Qf3+ 0-1

[Event "Sydney International Open"]
[Site "Parramatta, NSW"]
[Date "2009.04.17"]
[Round "5.32"]
[White "Ousmand, Vineths"]
[Black "Hursky, Karel"]
[Result "0-1"]
[WhiteElo "1331"]
[BlackElo "2084"]
[PlyCount "90"]
[EventDate "2009.04.15"]
[EventType "swiss"]
[EventRounds "9"]
[EventCountry "AUS"]
[SourceDate "2009.04.15"]

1. d4 Nf6 2. Bg5 Ne4 3. Bf4 d5 4. f3 Nd6 5. Nc3 c6 6. e4 e6 7. e5 Nf5 8. g4
Qh4+ 9. Ke2 c5 10. Nb5 Nxd4+ 11. Nxd4 cxd4 12. Qxd4 Nc6 13. Qf2 Qd8 14. Kd2
Qa5+ 15. c3 Bc5 16. Qe1 Qb6 17. Rb1 Bxg1 18. b4 Qf2+ 19. Qxf2 Bxf2 20. Bd3 Bd7
21. h4 h5 22. Rbf1 Bb6 23. Rh2 O-O-O 24. Rg2 f6 25. exf6 gxf6 26. g5 e5 27. Bh2
Bh3 28. Rfg1 Bxg1 29. Rxg1 fxg5 30. hxg5 e4 31. Bc2 exf3 32. Ke3 Rhf8 33. Kf2
Rde8 34. Bd3 Bg4 35. Bg3 a6 36. g6 Ne5 37. Bc2 Nxg6 38. Bxg6 Re2+ 39. Kf1 Bh3+
40. Rg2 Rxg2 41. Bxh5 Rxg3+ 42. Ke1 f2+ 43. Ke2 f1=Q+ 44. Kd2 Rf2+ 45. Be2
Rxe2# 0-1

[Event "Sydney International Open"]
[Site "Parramatta, NSW"]
[Date "2009.04.17"]
[Round "5.34"]
[White "Oliver, Gareth"]
[Black "Ruan, Jack"]
[Result "1-0"]
[WhiteElo "2187"]
[BlackElo "1886"]
[PlyCount "55"]
[EventDate "2009.04.15"]
[EventType "swiss"]
[EventRounds "9"]
[EventCountry "AUS"]
[SourceDate "2009.04.15"]

1. d4 Nf6 2. c4 g6 3. Nc3 Bg7 4. e4 d6 5. Be2 O-O 6. Nf3 e5 7. O-O Nc6 8. d5
Ne7 9. b4 Nh5 10. Re1 f5 11. Ng5 Nf4 12. Bf1 h6 13. Nf3 g5 14. Bxf4 exf4 15.
Rc1 Ng6 16. c5 Ne5 17. Nd4 g4 18. cxd6 cxd6 19. Ncb5 Rf7 20. Ne6 Bxe6 21. dxe6
Rf8 22. Qxd6 Qh4 23. e7 Nf3+ 24. gxf3 gxf3 25. exf8=Q+ Rxf8 26. exf5 Kh8 27.
Qg6 Rg8 28. Rc7 1-0

[Event "Sydney International Open"]
[Site "Parramatta, NSW"]
[Date "2009.04.17"]
[Round "5.36"]
[White "Lee, Bryan"]
[Black "Descallar, Levi"]
[Result "1-0"]
[WhiteElo "1918"]
[BlackElo "1984"]
[PlyCount "107"]
[EventDate "2009.04.15"]
[EventType "swiss"]
[EventRounds "9"]
[EventCountry "AUS"]
[SourceDate "2009.04.15"]

1. e4 c6 2. d4 d5 3. Nc3 dxe4 4. Nxe4 Bf5 5. Ng3 Bg6 6. h4 h6 7. Nf3 Nd7 8. h5
Bh7 9. Bd3 Bxd3 10. Qxd3 e6 11. Bf4 Ngf6 12. O-O-O Qa5 13. Kb1 Nd5 14. Bd2 Qc7
15. c4 N5f6 16. Rhe1 O-O-O 17. Qe2 Bd6 18. Ne5 Rhf8 19. Bc3 Kb8 20. f4 Rde8 21.
Qf3 Rd8 22. Nf1 Rde8 23. g4 Ng8 24. d5 Nxe5 25. fxe5 Bc5 26. d6 Qb6 27. Qd3 Bb4
28. Bxb4 Qxb4 29. a3 Qa4 30. Re4 Qa5 31. b4 Qd8 32. c5 f6 33. Rde1 f5 34. Rf4
Ne7 35. d7 Nd5 36. dxe8=Q Rxe8 37. Rd4 Qh4 38. Qg3 Qg5 39. Kb2 Rf8 40. gxf5
Qxf5 41. Ne3 Qxh5 42. Nxd5 cxd5 43. Rf4 Rf5 44. Rxf5 Qxf5 45. Re2 a6 46. Rf2
Qe4 47. Rf8+ Ka7 48. c6 Qe2+ 49. Kc1 Qc4+ 50. Kd1 Qd4+ 51. Kc2 Qc4+ 52. Qc3
Qe2+ 53. Kb3 Qd1+ 54. Qc2 1-0

[Event "Sydney International Open"]
[Site "Parramatta, NSW"]
[Date "2009.04.17"]
[Round "5.37"]
[White "Guo, Emma"]
[Black "Holland, Dennis"]
[Result "0-1"]
[WhiteElo "1845"]
[BlackElo "1963"]
[PlyCount "72"]
[EventDate "2009.04.15"]
[EventType "swiss"]
[EventRounds "9"]
[EventCountry "AUS"]
[SourceDate "2009.04.15"]

1. e4 e6 2. d4 d5 3. Nd2 dxe4 4. Nxe4 Nd7 5. Bd3 Ngf6 6. Nf3 Nxe4 7. Bxe4 Bd6
8. Qe2 h6 9. c3 O-O 10. Bc2 c5 11. Be3 cxd4 12. Bxd4 e5 13. Be3 f5 14. O-O-O
Qe7 15. Qd2 Bc7 16. g3 Nf6 17. Nh4 Rd8 18. Qe2 e4 19. Ng6 Rxd1+ 20. Rxd1 Qf7
21. Bb3 Be6 22. Qb5 Bxb3 23. Qxb7 Rb8 24. Qxb8+ Bxb8 25. Rd8+ Ne8 26. Rxb8 Qxg6
27. Rxb3 Qd6 28. Bxa7 Nf6 29. Be3 Ng4 30. a4 Nxe3 31. fxe3 Qd3 32. Rb8+ Kh7 33.
a5 Qxe3+ 34. Kc2 Qd3+ 35. Kb3 e3 36. Kb4 Qd6+ 0-1

[Event "Sydney International Open"]
[Site "Parramatta, NSW"]
[Date "2009.04.17"]
[Round "5.38"]
[White "Tan, Kevin"]
[Black "Siddiqi, Shan"]
[Result "0-1"]
[WhiteElo "1956"]
[BlackElo "1683"]
[PlyCount "50"]
[EventDate "2009.04.15"]
[EventType "swiss"]
[EventRounds "9"]
[EventCountry "AUS"]
[SourceDate "2009.04.15"]

1. e4 c5 2. Nf3 Nc6 3. d4 cxd4 4. Nxd4 Nf6 5. Nc3 e5 6. Ndb5 d6 7. Bg5 a6 8.
Na3 b5 9. Nd5 Be7 10. Bxf6 Bxf6 11. c3 O-O 12. Nc2 Bg5 13. a4 bxa4 14. Rxa4 f5
15. Bc4 Kh8 16. h4 Bh6 17. exf5 Bxf5 18. g4 Be4 19. Rh3 Bf4 20. Be2 Bg2 21.
Nxf4 exf4 22. Rh2 f3 23. Bd3 Qb6 24. Qc1 Ne5 25. Rd4 Qxd4 0-1

[Event "Sydney International Open"]
[Site "Parramatta, NSW"]
[Date "2009.04.17"]
[Round "5.39"]
[White "Lau, Joshua"]
[Black "Gibbons, Bob"]
[Result "0-1"]
[WhiteElo "1862"]
[BlackElo "2067"]
[PlyCount "74"]
[EventDate "2009.04.15"]
[EventType "swiss"]
[EventRounds "9"]
[EventCountry "AUS"]
[SourceDate "2009.04.15"]

1. e4 e5 2. Nf3 Nf6 3. Nxe5 d6 4. Nf3 Nxe4 5. d3 Nf6 6. Be2 Be7 7. O-O O-O 8.
c4 d5 9. Bf4 d4 10. Nbd2 Nh5 11. Be5 Nc6 12. Nb3 Nxe5 13. Nxe5 Nf4 14. Re1 Bb4
15. Nd2 Qg5 16. Bf3 Bxd2 17. Re4 Bb4 18. Qb3 Bc5 19. Qb5 Ne6 20. Rae1 Qe7 21.
R4e2 a6 22. Qb3 c6 23. Bg4 Qc7 24. a3 Nf4 25. Re4 Bxg4 26. Nxg4 f5 27. Re5 fxg4
28. Rxc5 Rae8 29. Rf1 Qe7 30. Ra5 Qe1 31. Qd1 Qxa5 32. Qxg4 Qf5 33. Qh4 Qxd3
34. c5 Qxf1+ 35. Kxf1 Re1+ 36. Kxe1 Nxg2+ 37. Ke2 Nxh4 0-1

[Event "Sydney International Open"]
[Site "Parramatta, NSW"]
[Date "2009.04.17"]
[Round "5.40"]
[White "Voon, Richard"]
[Black "Yu, Sally"]
[Result "1-0"]
[WhiteElo "2006"]
[BlackElo "1819"]
[PlyCount "47"]
[EventDate "2009.04.15"]
[EventType "swiss"]
[EventRounds "9"]
[EventCountry "AUS"]
[SourceDate "2009.04.15"]

1. c4 e5 2. Nf3 d6 3. g3 f5 4. b4 Nf6 5. Bb2 Be7 6. Bg2 O-O 7. O-O Qe8 8. d3
Qh5 9. Nbd2 f4 10. Re1 g5 11. Nf1 Bf5 12. Rc1 Nbd7 13. a4 e4 14. Nd4 Ng4 15.
dxe4 fxg3 16. hxg3 Nxf2 17. Kxf2 Bxe4+ 18. Kg1 Bxg2 19. Kxg2 g4 20. Qd3 Qh3+
21. Kg1 Rf6 22. Nf5 Rf7 23. e4 Raf8 24. Rc2 1-0

[Event "Sydney International Open"]
[Site "Parramatta, NSW"]
[Date "2009.04.17"]
[Round "5.41"]
[White "Setiabudi, Allen"]
[Black "Muller, Jonas"]
[Result "0-1"]
[WhiteElo "1843"]
[BlackElo "1981"]
[PlyCount "132"]
[EventDate "2009.04.15"]
[EventType "swiss"]
[EventRounds "9"]
[EventCountry "AUS"]
[SourceDate "2009.04.15"]

1. e4 c5 2. Nc3 Nc6 3. f4 g6 4. Nf3 Bg7 5. Bb5 Nd4 6. O-O Nxb5 7. Nxb5 d5 8. e5
a6 9. Nc3 e6 10. d4 cxd4 11. Nxd4 Ne7 12. Be3 O-O 13. Qd2 Qc7 14. a4 Bd7 15. a5
Rac8 16. Nce2 f6 17. exf6 Bxf6 18. c3 Bg7 19. g3 Rce8 20. Kg2 Nc8 21. Nb3 Nd6
22. Bb6 Qc8 23. Rfe1 Nc4 24. Qc1 Nxb6 25. axb6 Qc6 26. Ned4 Qxb6 27. Qc2 Qd6
28. Nf3 e5 29. fxe5 Bxe5 30. Nxe5 Rxe5 31. Nd4 Bf5 32. Nxf5 Rexf5 33. Rf1 Qc6
34. Rxf5 Rxf5 35. Qa4 Qe6 36. Qc2 Re5 37. Kf2 Qh3 38. Rh1 Qe6 39. Rf1 Re4 40.
Qd2 Kg7 41. Kg1 Re5 42. Qf2 Rf5 43. Qd4+ Kg8 44. Rxf5 Qxf5 45. b4 Qe6 46. Kf2
Kf7 47. Kg2 Qe2+ 48. Kg1 Qe1+ 49. Kg2 Qe4+ 50. Qxe4 dxe4 51. Kf2 Ke6 52. c4 Ke5
53. Ke3 b6 54. c5 bxc5 55. bxc5 Kd5 56. c6 Kxc6 57. Kxe4 a5 58. Kd4 a4 59. Kc4
a3 60. Kb3 Kd5 61. Kxa3 Ke4 62. Kb4 Kf3 63. Kc4 Kg2 64. Kd4 Kxh2 65. g4 Kg3 66.
g5 Kf4 0-1

[Event "Sydney International Open"]
[Site "Parramatta, NSW"]
[Date "2009.04.17"]
[Round "5.42"]
[White "Encel, Benjamin"]
[Black "Rosario, Amiel"]
[Result "1/2-1/2"]
[WhiteElo "1838"]
[BlackElo "1969"]
[PlyCount "79"]
[EventDate "2009.04.15"]
[EventType "swiss"]
[EventRounds "9"]
[EventCountry "AUS"]
[SourceDate "2009.04.15"]

1. e4 c5 2. Nc3 Nc6 3. f4 g6 4. Nf3 Bg7 5. Bb5 d6 6. O-O Bd7 7. d3 e6 8. Qe1
Nd4 9. Bxd7+ Qxd7 10. Qf2 Ne7 11. Nd1 O-O 12. c3 Nxf3+ 13. Qxf3 b5 14. Ne3 f5
15. exf5 Nxf5 16. g4 Ne7 17. Qg2 Rab8 18. Bd2 d5 19. Nc2 Nc6 20. Rae1 d4 21.
Qe4 Rbe8 22. Rf3 a5 23. h4 b4 24. c4 a4 25. Kh1 Nd8 26. h5 gxh5 27. gxh5 Rf5
28. Rh3 Qf7 29. h6 Rh5 30. Qg2 Rxh3+ 31. Qxh3 Bf6 32. Rg1+ Kh8 33. Ne1 Rg8 34.
Rxg8+ Qxg8 35. Nf3 Qg6 36. Nh2 Qf5 37. Ng4 Nf7 38. Kg2 Qg6 39. Kh2 Qf5 40. Kg2
1/2-1/2

[Event "Sydney International Open"]
[Site "Parramatta, NSW"]
[Date "2009.04.17"]
[Round "5.44"]
[White "Zamahari, Abang Draup"]
[Black "Selnes, Hamish"]
[Result "0-1"]
[WhiteElo "1636"]
[BlackElo "1921"]
[PlyCount "88"]
[EventDate "2009.04.15"]
[EventType "swiss"]
[EventRounds "9"]
[EventCountry "AUS"]
[SourceDate "2009.04.15"]

1. d4 e6 2. c4 f5 3. Nf3 Nf6 4. Nc3 d5 5. e3 c6 6. b3 Bd6 7. c5 Bc7 8. h3 O-O
9. Bb2 Nbd7 10. Bd3 Ne4 11. Bxe4 fxe4 12. Nh2 e5 13. Qe2 exd4 14. exd4 Qf6 15.
Ng4 Qg6 16. Ne3 Nf6 17. g3 b6 18. O-O-O bxc5 19. dxc5 Nd7 20. b4 Ne5 21. Rh2
Nd3+ 22. Kb1 d4 23. Ned5 cxd5 24. Nxd5 Qf7 25. Nxc7 Nxb2 26. Nxa8 Nxd1 27. Qxd1
Bb7 28. Nb6 axb6 29. cxb6 Qc4 30. Qb3 Qxb3+ 31. axb3 Bd5 32. Kb2 Rb8 33. Rh1 e3
34. Rf1 Bg2 35. fxe3 Bxf1 36. exd4 Bxh3 37. Kc3 Rxb6 38. Kc4 Bf1+ 39. Kc5 Rb5+
40. Kc6 Rxb4 41. Kc5 Rxb3 42. d5 Rxg3 43. d6 Rd3 44. Kc6 h5 0-1

[Event "Sydney International Open"]
[Site "Parramatta, NSW"]
[Date "2009.04.17"]
[Round "5.45"]
[White "Tsagarakis, Angelo"]
[Black "Smirnov, Anton"]
[Result "0-1"]
[WhiteElo "1919"]
[BlackElo "1495"]
[PlyCount "94"]
[EventDate "2009.04.15"]
[EventType "swiss"]
[EventRounds "9"]
[EventCountry "AUS"]
[SourceDate "2009.04.15"]

1. d4 d5 2. Nf3 c6 3. Bf4 Bf5 4. e3 Qb6 5. Qc1 e6 6. Be2 h6 7. O-O Nf6 8. c4
Nh5 9. c5 Qd8 10. Bg3 Nxg3 11. fxg3 Nd7 12. b4 Be7 13. Nc3 a6 14. a4 O-O 15.
Qb2 Bf6 16. b5 Bh7 17. Rad1 e5 18. Na2 axb5 19. axb5 exd4 20. exd4 Nxc5 21. Nb4
cxb5 22. Ne5 Na4 23. Qb3 Bxe5 24. dxe5 Qb6+ 25. Kh1 d4 26. Nd5 Qc5 27. Rc1 Nc3
28. Nxc3 dxc3 29. Rxc3 Qxe5 30. Bxb5 Bg6 31. Bc4 b5 32. Bd5 Rad8 33. Bf3 Qd4
34. Rfc1 Rfe8 35. h3 Re5 36. Rd1 Qb6 37. Rdc1 Rde8 38. g4 Re1+ 39. Rxe1 Rxe1+
40. Kh2 Qd6+ 41. g3 Qd2+ 42. Bg2 Be4 43. Rf3 Bxf3 44. Qxf3 Re2 45. Qa8+ Kh7 46.
Kh1 Rxg2 47. Qe4+ g6 0-1